| 000 | 01480cam a2200337 a 4500 | ||
|---|---|---|---|
| 001 | 15207130 | ||
| 003 | OSt | ||
| 005 | 20230602141043.0 | ||
| 008 | 080305s2007 caua 001 0 eng d | ||
| 010 | _a 2008297416 | ||
| 020 | _a9781403144904 | ||
| 020 | _a1403144907 | ||
| 035 | _a(OCoLC)ocn186519245 | ||
| 040 |
_aCLZ _cCLZ _dDPL _dYBM _dDLC |
||
| 042 | _alccopycat | ||
| 050 | 0 | 0 |
_aBP605.S2 _bH8 2007 |
| 082 | 0 | 4 |
_a299/.936 _222 |
| 100 | 1 |
_aHubbard, L. Ron _q(La Fayette Ron), _d1911-1986. |
|
| 245 | 1 | 0 |
_aIntroduction to scientology ethics / _cL. Ron Hubbard. |
| 250 | _a[New ed.]. | ||
| 260 |
_aLos Angeles, Calif. : _bBridge Publications, Inc., _cc2007. |
||
| 300 |
_avii, 513 p. : _bill. ; _c25 cm. |
||
| 500 | _a"A Hubbard publication". | ||
| 504 | _aIncludes Index. | ||
| 505 | 0 | _aThe basics of ethics -- Ethics, justice, and the dynamics -- Honesty -- Statistics and the conditions of existence -- The conditions formulas -- Condition formulas, application, and remedies -- An essay on power -- The basics of suppression -- Ethics in Scientology organizations -- Ethics reports -- The third party -- The Sientology justice codes and their application -- Scientology justice procedures -- Conduct of justice and forms of redress. | |
| 650 | 0 | _aScientology. | |
| 650 | 0 | _aReligious ethics. | |
| 906 |
_a7 _bcbc _ccopycat _d2 _encip _f20 _gy-gencatlg |
||
| 942 |
_2ddc _cBK |
||
| 999 |
_c166 _d166 |
||